Hệ thống văn bản pháp quy thuế mới 2002

Uloženo v:
Podrobná bibliografie
Hlavní autor: Tổng cục thuế
Médium: Kniha
Jazyk:Undetermined
Vydáno: H. Thống Kê 2002
Témata:
Tagy: Přidat tag
Žádné tagy, Buďte první, kdo otaguje tento záznam!
Thư viện lưu trữ: Trung tâm Học liệu Trường Đại học Cần Thơ
LEADER 00544nam a2200193Ia 4500
001 CTU_53753
008 210402s9999 xx 000 0 und d
020 |b 132000 
082 |a 343.59704 
082 |b T455 
100 |a Tổng cục thuế 
245 0 |a Hệ thống văn bản pháp quy thuế mới 2002 
245 0 |c Tổng cục thuế 
260 |a H. 
260 |b Thống Kê 
260 |c 2002 
650 |a taxation 
650 |x law and legislation 
980 |a Trung tâm Học liệu Trường Đại học Cần Thơ